[Event "Moscow Open F"]
[Site "?"]
[Date "2017.01.31"]
[Round "5.2"]
[White "Vakhlamov, Igor L."]
[Black "Zhileykin, Andrey"]
[Result "1-0"]
[BlackElo "2259"]
[WhiteElo "2405"]
[LiveChessVersion "1.4.8"]

1. c4 Nf6 2. Nc3 g6 3. e4 d6 4. d4 Bg7 5. Nf3 O-O 6. Be2 e5 7. Be3 Ng4 8. Bg5 f6
9. Bh4 g5 10. Bg3 Nc6 11. h3 Nh6 12. dxe5 fxe5 13. c5 Nd4 14. cxd6 cxd6 15. Nxd4
exd4 16. Nb5 Be5 17. Nxd4 Qa5+ 18. Kf1 Qc5 19. Bxe5 dxe5 20. Nf3 g4 21. Rc1 Qb6
22. hxg4 Nxg4 23. Qb3+ Be6 24. Qxb6 axb6 25. Bc4 Bxc4+ 26. Rxc4 b5 27. Rc7 Nf6
28. Nxe5 Rxa2 29. Rh3 Nxe4 30. Rhxh7 Ra1+ 31. Ke2 Rxf2+ 32. Kd3 Nc5+ 33. Ke3 Rxg2
34. Rhe7 Rf1 35. Rxc5 Rf8 36. Rcc7 Rg5 1-0

[Event "Moscow Open F"]
[Site "?"]
[Date "2017.01.31"]
[Round "5.3"]
[White "Bryakin, Mikhail"]
[Black "Volodin, Ivan"]
[Result "1/2-1/2"]
[BlackElo "2265"]
[WhiteElo "2333"]
[LiveChessVersion "1.4.8"]

1. d4 {[%clk 1:29:23]} Nf6 {[%clk 1:30:49]} 2. c4 {[%clk 1:29:45]} c5
{[%clk 1:31:09]} 3. d5 {[%clk 1:29:36]} b5 {[%clk 1:31:29]} 4. cxb5
{[%clk 1:29:51]} a6 {[%clk 1:31:56]} 5. bxa6 {[%clk 1:30:00]} g6 {[%clk 1:32:18]}
6. Nc3 {[%clk 1:30:17]} Bg7 {[%clk 1:32:40]} 7. e4 {[%clk 1:30:27]} O-O
{[%clk 1:32:59]} 8. Nf3 {[%clk 1:30:32]} Qa5 {[%clk 1:33:19]} 9. Bd2
{[%clk 1:30:22]} Bxa6 {[%clk 1:33:11]} 10. Bxa6 {[%clk 1:28:07]} Qxa6
{[%clk 1:30:48]} 11. Qe2 {[%clk 1:26:33]} e6 {[%clk 1:25:49]} 12. Qxa6
{[%clk 1:21:27]} Nxa6 {[%clk 1:25:24]} 13. O-O exd5 {[%clk 1:08:28]} 14. exd5
{[%clk 1:05:26]} Rfb8 {[%clk 0:52:28]} 15. Rab1 {[%clk 0:50:51]} Nb4
{[%clk 0:50:30]} 16. d6 {[%clk 0:46:40]} Nxa2 {[%clk 0:49:01]} 17. Ne5
{[%clk 0:43:09]} Nxc3 {[%clk 0:37:26]} 18. Bxc3 {[%clk 0:42:33]} Ne4
{[%clk 0:34:57]} 19. f4 {[%clk 0:32:38]} Nxd6 {[%clk 0:23:21]} 20. Nxd7
{[%clk 0:22:26]} Bxc3 {[%clk 0:22:58]} 21. bxc3 {[%clk 0:22:39]} Rxb1
{[%clk 0:23:15]} 22. Rxb1 {[%clk 0:23:01]} Ne4 {[%clk 0:23:36]} 23. Re1
{[%clk 0:22:27]} Nxc3 {[%clk 0:20:45]} 24. Nxc5 {[%clk 0:22:19]} Rc8
{[%clk 0:18:00]} 25. Ne4 {[%clk 0:21:24]} Nxe4 {[%clk 0:18:25]} 26. Rxe4
{[%clk 0:21:44]} Kg7 {[%clk 0:18:51]} 27. Kf2 {[%clk 0:21:58]} h5
{[%clk 0:19:15]} 28. Kf3 {[%clk 0:22:03]} Rc3+ {[%clk 0:19:39]} 29. Re3
{[%clk 0:22:16]} Rc2 {[%clk 0:20:00]} 30. Re2 {[%clk 0:22:17]} Rc3+
{[%clk 0:20:26]} 31. Re3 {[%clk 0:22:43]} Rc2 {[%clk 0:20:52]} 32. Re2
{[%clk 0:23:09]} Rc3+ {[%clk 0:21:11]} 33. Re3 {[%clk 0:23:34]} 1/2-1/2

[Event "Moscow Open F"]
[Site "?"]
[Date "2017.01.31"]
[Round "5.4"]
[White "Kamrukov, Alexey"]
[Black "Samusenko, Maksim"]
[Result "0-1"]
[BlackElo "2333"]
[WhiteElo "2311"]
[LiveChessVersion "1.4.8"]

1. d4 {[%clk 1:30:57]} Nf6 {[%clk 1:30:52]} 2. c4 {[%clk 1:31:21]} g6
{[%clk 1:31:14]} 3. Nc3 {[%clk 1:31:47]} Bg7 {[%clk 1:31:32]} 4. e4
{[%clk 1:32:13]} d6 {[%clk 1:31:50]} 5. Nf3 {[%clk 1:32:38]} O-O {[%clk 1:31:59]}
6. Be2 {[%clk 1:33:03]} c6 {[%clk 1:32:02]} 7. O-O {[%clk 1:32:21]} Na6
{[%clk 1:31:38]} 8. Rb1 {[%clk 1:26:59]} e5 {[%clk 1:30:37]} 9. d5
{[%clk 1:09:26]} Nc5 {[%clk 1:29:44]} 10. Nd2 {[%clk 1:06:53]} a5
{[%clk 1:25:03]} 11. b3 {[%clk 1:03:39]} Bh6 {[%clk 1:21:50]} 12. Qc2
{[%clk 0:59:08]} Bd7 {[%clk 1:17:30]} 13. dxc6 {[%clk 0:51:14]} bxc6
{[%clk 1:03:39]} 14. a3 {[%clk 0:39:05]} d5 {[%clk 0:36:30]} 15. cxd5
{[%clk 0:34:50]} cxd5 {[%clk 0:36:51]} 16. Nxd5 {[%clk 0:26:54]} Nxd5
{[%clk 0:36:49]} 17. Qxc5 {[%clk 0:22:40]} Nf4 {[%clk 0:37:05]} 18. Bc4
{[%clk 0:19:37]} Qg5 {[%clk 0:11:20]} 19. g3 {[%clk 0:20:00]} Qh5
{[%clk 0:10:02]} 20. Re1 {[%clk 0:11:11]} Rac8 {[%clk 0:09:20]} 21. Qa7
{[%clk 0:05:48]} Bh3 {[%clk 0:07:02]} 22. Bf1 {[%clk 0:03:21]} Bxf1
{[%clk 0:06:09]} 23. Nxf1 {[%clk 0:03:00]} Nh3+ {[%clk 0:06:39]} 24. Kg2
{[%clk 0:02:26]} Rc2 {[%clk 0:07:08]} 25. Bxh6 {[%clk 0:01:33]} Qxh6
{[%clk 0:07:37]} 26. Qe3 {[%clk 0:01:45]} Rxf2+ {[%clk 0:07:45]} 27. Kh1
{[%clk 0:01:25]} Rxf1+ {[%clk 0:08:09]} 0-1

[Event "Moscow Open F"]
[Site "?"]
[Date "2017.01.31"]
[Round "5.5"]
[White "Vasilyev, Vasily"]
[Black "Mamatov, Melis"]
[Result "1/2-1/2"]
[BlackElo "2168"]
[WhiteElo "2320"]
[LiveChessVersion "1.4.8"]

1. d4 {[%clk 1:24:13]} f5 {[%clk 1:30:20]} 2. Nf3 {[%clk 1:24:24]} Nf6
{[%clk 1:30:38]} 3. c4 {[%clk 1:24:50]} g6 {[%clk 1:30:24]} 4. g3
{[%clk 1:24:56]} Bg7 {[%clk 1:30:48]} 5. Bg2 {[%clk 1:25:21]} d6 {[%clk 1:29:39]}
6. O-O {[%clk 1:25:29]} O-O {[%clk 1:29:40]} 7. Nc3 {[%clk 1:25:43]} c6
{[%clk 1:29:49]} 8. b3 {[%clk 1:25:38]} h6 {[%clk 1:28:07]} 9. Bb2
{[%clk 1:25:36]} g5 10. d5 e5 11. dxe6 Bxe6 12. Nd4 Qe7 13. Qc2 Ne8 14. Rad1 Nd7
{[%clk 0:59:58]} 15. Ba3 {[%clk 1:09:55]} Rd8 {[%clk 0:56:54]} 16. Rd2
{[%clk 1:00:57]} Ne5 {[%clk 0:55:28]} 17. Rfd1 {[%clk 0:59:52]} Bc8
{[%clk 0:55:13]} 18. h3 {[%clk 0:41:20]} Qf6 {[%clk 0:53:08]} 19. e3
{[%clk 0:37:55]} f4 {[%clk 0:49:10]} 20. Ne4 {[%clk 0:34:56]} Qg6
{[%clk 0:49:17]} 21. Nc3 {[%clk 0:16:40]} fxe3 {[%clk 0:39:58]} 22. fxe3
{[%clk 0:16:57]} Qh5 {[%clk 0:16:08]} 23. Rf2 Bxh3 24. Rxf8+ Bxf8 25. Rf1 Bg7 26.
Ne4 Ng4 27. Bc1 Ne5 28. Bxh3 Qxh3 29. Nf5 g4 30. Nxg7 {[%clk 0:04:38]} Nxg7
{[%clk 0:06:14]} 31. Nf6+ Kf7 32. Nxg4+ {[%clk 0:04:16]} Ke7 {[%clk 0:06:20]} 33.
Nxe5 {[%clk 0:03:35]} Qxg3+ {[%clk 0:06:49]} 34. Qg2 {[%clk 0:04:03]} Qxg2+ 35.
Kxg2 dxe5 {[%clk 0:05:43]} 36. e4 {[%clk 0:04:41]} Rg8 {[%clk 0:05:39]} 37. Kh2
{[%clk 0:04:15]} Ne6 {[%clk 0:04:51]} 38. Rf5 {[%clk 0:04:09]} Kd6
{[%clk 0:03:16]} 39. Bb2 {[%clk 0:03:08]} Nd4 {[%clk 0:01:25]} 40. Rf6+
{[%clk 0:03:37]} Kc7 {[%clk 0:01:36]} 41. Rxh6 {[%clk 0:03:56]} Rg4
{[%clk 0:01:53]} 42. Rh7+ {[%clk 0:01:29]} Kb6 {[%clk 0:02:22]} 43. Re7
{[%clk 0:01:45]} Rxe4 {[%clk 0:02:34]} 44. Bxd4+ {[%clk 0:01:15]} Rxd4
{[%clk 0:03:03]} 45. Rxe5 Rd2+ 46. Kg1 {[%clk 0:00:44]} Rxa2 {[%clk 0:04:02]} 47.
Kf1 {[%clk 0:01:13]} Rb2 {[%clk 0:04:08]} 48. Re3 {[%clk 0:01:25]} a5
{[%clk 0:03:06]} 49. Ke1 {[%clk 0:01:45]} Kc5 {[%clk 0:03:07]} 50. Kd1
{[%clk 0:01:30]} Kb4 {[%clk 0:02:48]} 51. Re7 {[%clk 0:01:53]} b5
{[%clk 0:01:14]} 52. Rc7 {[%clk 0:02:17]} Rxb3 {[%clk 0:00:44]} 53. Rxc6
{[%clk 0:02:43]} bxc4 {[%clk 0:01:02]} 54. Kc2 {[%clk 0:03:05]} Rh3
{[%clk 0:01:16]} 55. Rb6+ Kc5 56. Rb8 {[%clk 0:03:45]} a4 {[%clk 0:01:35]} 57.
Rc8+ {[%clk 0:04:05]} Kb4 {[%clk 0:01:52]} 58. Rb8+ {[%clk 0:04:29]} Ka3
{[%clk 0:01:58]} 59. Rc8 {[%clk 0:04:53]} Ka2 {[%clk 0:01:34]} 60. Rxc4
{[%clk 0:04:57]} a3 {[%clk 0:01:59]} 61. Rc8 {[%clk 0:04:36]} Rh6
{[%clk 0:02:07]} 62. Rc7 {[%clk 0:04:55]} Ka1 {[%clk 0:01:55]} 63. Rc8
{[%clk 0:05:05]} a2 {[%clk 0:02:02]} 64. Rc7 {[%clk 0:05:11]} Rh2+
{[%clk 0:02:17]} 65. Kc1 {[%clk 0:05:30]} Rc2+ {[%clk 0:02:44]} 66. Rxc2
{[%clk 0:05:54]} Kb2+ 67. Kd1+ 1/2-1/2

[Event "Moscow Open F"]
[Site "?"]
[Date "2017.01.31"]
[Round "5.6"]
[White "Nikologorskiy, Konstantin"]
[Black "Platonov, Dmitriy"]
[Result "1-0"]
[BlackElo "2109"]
[WhiteElo "2416"]
[LiveChessVersion "1.4.8"]

1. d4 {[%clk 1:30:40]} d5 {[%clk 1:30:52]} 2. c4 {[%clk 1:31:07]} e6
{[%clk 1:31:15]} 3. Nc3 {[%clk 1:31:33]} Nf6 {[%clk 1:31:38]} 4. cxd5
{[%clk 1:31:59]} exd5 {[%clk 1:32:00]} 5. Bg5 {[%clk 1:32:25]} Nbd7
{[%clk 1:32:03]} 6. e3 {[%clk 1:26:46]} Bb4 {[%clk 1:31:25]} 7. Nf3
{[%clk 1:22:44]} c5 {[%clk 1:31:34]} 8. Be2 {[%clk 1:08:41]} Qa5 {[%clk 1:31:45]}
9. O-O {[%clk 1:07:07]} Bxc3 {[%clk 1:29:36]} 10. bxc3 {[%clk 1:07:33]} c4
{[%clk 1:28:44]} 11. Qc2 {[%clk 1:03:24]} O-O {[%clk 1:28:26]} 12. Nd2
{[%clk 1:03:09]} Re8 {[%clk 1:10:04]} 13. Bf3 {[%clk 1:01:51]} Ne4
{[%clk 0:49:18]} 14. Bxe4 {[%clk 0:51:03]} dxe4 {[%clk 0:49:35]} 15. Bf4
{[%clk 0:51:21]} Qd5 {[%clk 0:43:34]} 16. Rfb1 {[%clk 0:51:11]} Qc6
{[%clk 0:26:26]} 17. a4 {[%clk 0:48:25]} b6 {[%clk 0:24:15]} 18. Rb5
{[%clk 0:37:42]} Ba6 {[%clk 0:18:33]} 19. Rg5 {[%clk 0:36:59]} h6
{[%clk 0:18:08]} 20. Rg3 {[%clk 0:37:23]} Kh8 {[%clk 0:17:37]} 21. f3
{[%clk 0:31:49]} f5 {[%clk 0:17:12]} 22. fxe4 {[%clk 0:31:23]} fxe4
{[%clk 0:17:25]} 23. Rf1 {[%clk 0:31:07]} Bb7 {[%clk 0:15:50]} 24. Qd1
{[%clk 0:30:48]} Qe6 {[%clk 0:15:12]} 25. Qh5 {[%clk 0:30:16]} Rf8
{[%clk 0:13:48]} 26. Nxc4 {[%clk 0:24:43]} Rxf4 {[%clk 0:07:11]} 27. Rxf4
{[%clk 0:24:52]} Qxc4 {[%clk 0:07:33]} 28. Qg4 {[%clk 0:23:49]} Rg8
{[%clk 0:05:29]} 29. Qxd7 {[%clk 0:24:13]} Ba6 {[%clk 0:05:41]} 30. h3
{[%clk 0:23:59]} 1-0

[Event "Moscow Open F"]
[Site "?"]
[Date "2017.01.31"]
[Round "5.7"]
[White "Barash, Mikhail"]
[Black "Lugovskoy, Maxim"]
[Result "0-1"]
[BlackElo "2425"]
[WhiteElo "2117"]
[LiveChessVersion "1.4.8"]

1. d4 {[%clk 1:31:00]} d5 {[%clk 1:27:39]} 2. Nc3 {[%clk 1:30:24]} Nf6
{[%clk 1:26:17]} 3. Bf4 {[%clk 1:29:44]} a6 {[%clk 1:26:37]} 4. e3
{[%clk 1:28:28]} e6 {[%clk 1:26:52]} 5. Nf3 {[%clk 1:27:16]} c5 {[%clk 1:27:09]}
6. dxc5 {[%clk 1:26:10]} Bxc5 {[%clk 1:27:23]} 7. Bd3 {[%clk 1:26:34]} b5
{[%clk 1:25:19]} 8. O-O {[%clk 1:18:53]} Bb7 {[%clk 1:23:10]} 9. Re1
{[%clk 1:09:32]} Nbd7 {[%clk 1:22:50]} 10. a3 {[%clk 1:09:40]} h6
{[%clk 1:21:12]} 11. e4 {[%clk 1:05:20]} Qb6 {[%clk 1:04:01]} 12. Bg3
{[%clk 1:01:41]} d4 {[%clk 1:01:34]} 13. Nb1 {[%clk 0:48:12]} Nh5
{[%clk 0:56:19]} 14. e5 {[%clk 0:44:43]} Nxg3 {[%clk 0:55:45]} 15. hxg3
{[%clk 0:44:18]} Qc7 {[%clk 0:48:23]} 16. Nbd2 {[%clk 0:39:21]} g5
{[%clk 0:45:47]} 17. Nb3 {[%clk 0:37:21]} O-O-O {[%clk 0:38:48]} 18. a4
{[%clk 0:31:49]} g4 {[%clk 0:36:18]} 19. Nh4 {[%clk 0:26:17]} b4 {[%clk 0:29:17]}
20. Qxg4 {[%clk 0:21:57]} Be7 {[%clk 0:26:05]} 21. Nf3 {[%clk 0:17:55]} h5
{[%clk 0:24:57]} 22. Qf4 {[%clk 0:18:24]} Nb6 {[%clk 0:24:45]} 23. Nbxd4
{[%clk 0:15:31]} h4 {[%clk 0:24:57]} 24. gxh4 {[%clk 0:13:06]} Bc5
{[%clk 0:21:48]} 25. Nb3 {[%clk 0:12:45]} Be7 {[%clk 0:21:02]} 26. Na5
{[%clk 0:09:27]} Ba8 {[%clk 0:20:38]} 27. Nc4 {[%clk 0:07:36]} Nd5
{[%clk 0:19:28]} 28. Qxf7 {[%clk 0:05:56]} Kb8 {[%clk 0:19:55]} 29. Re4
{[%clk 0:04:35]} Rdf8 {[%clk 0:19:19]} 30. Qxe6 {[%clk 0:04:26]} Bc5
{[%clk 0:19:10]} 31. Qxa6 {[%clk 0:02:39]} Rhg8 {[%clk 0:18:42]} 32. Qb5+
{[%clk 0:02:25]} Ka7 {[%clk 0:17:53]} 33. Kf1 {[%clk 0:02:03]} Nf4
{[%clk 0:17:36]} 34. Nd6 {[%clk 0:00:57]} Nxg2 {[%clk 0:13:37]} 35. Qa6+ Kb8 36.
Qb5+ {[%clk 0:00:42]} Qb6 {[%clk 0:12:49]} 37. Rxb4 {[%clk 0:00:31]} Ne3+
{[%clk 0:13:18]} 38. Ke1 {[%clk 0:00:39]} Bxb4+ {[%clk 0:13:45]} 39. c3
{[%clk 0:00:49]} Qxb5 {[%clk 0:13:50]} 40. axb5 {[%clk 0:01:10]} Rxf3
{[%clk 0:13:39]} 41. Rxa8+ {[%clk 0:01:11]} Kxa8 {[%clk 0:14:05]} 42. Be4+
{[%clk 0:01:38]} Kb8 {[%clk 0:14:30]} 43. Bxf3 {[%clk 0:02:05]} Bxd6
{[%clk 0:14:22]} 44. exd6 {[%clk 0:02:24]} Nc4 {[%clk 0:14:43]} 45. d7
{[%clk 0:01:50]} Ne5 {[%clk 0:14:59]} 0-1

[Event "Moscow Open F"]
[Site "?"]
[Date "2017.01.31"]
[Round "5.8"]
[White "Mikheev, Evgeniy"]
[Black "Mokshanov, Alexey"]
[Result "0-1"]
[BlackElo "2413"]
[WhiteElo "2115"]
[LiveChessVersion "1.4.8"]

1. Nf3 {[%clk 1:30:56]} d5 {[%clk 1:30:56]} 2. c4 {[%clk 1:31:20]} e6
{[%clk 1:31:23]} 3. g3 {[%clk 1:30:54]} Nf6 {[%clk 1:31:47]} 4. Bg2
{[%clk 1:31:17]} Be7 {[%clk 1:28:37]} 5. O-O {[%clk 1:31:03]} O-O
{[%clk 1:29:04]} 6. d4 {[%clk 1:30:27]} c6 {[%clk 1:29:25]} 7. Qc2
{[%clk 1:30:47]} b6 {[%clk 1:28:19]} 8. Rd1 {[%clk 1:30:42]} Ba6 {[%clk 1:28:08]}
9. b3 {[%clk 1:25:23]} Nbd7 {[%clk 1:28:04]} 10. Nbd2 {[%clk 1:18:41]} Rc8
{[%clk 1:28:29]} 11. e4 {[%clk 1:18:13]} c5 {[%clk 1:28:55]} 12. dxc5
{[%clk 1:07:30]} dxc4 {[%clk 1:22:20]} 13. Nxc4 {[%clk 1:00:52]} Bxc5
{[%clk 1:16:58]} 14. e5 {[%clk 0:32:05]} Ng4 {[%clk 1:09:23]} 15. Ng5
{[%clk 0:32:01]} g6 {[%clk 1:09:23]} 16. Ne4 {[%clk 0:31:35]} Bxc4
{[%clk 1:06:57]} 17. bxc4 {[%clk 0:31:14]} Ngxe5 {[%clk 0:58:15]} 18. Nxc5
{[%clk 0:15:31]} bxc5 {[%clk 0:58:08]} 19. Bh6 {[%clk 0:09:49]} Re8
{[%clk 0:57:09]} 20. Qa4 {[%clk 0:09:01]} Qc7 {[%clk 0:54:12]} 21. Bf4
{[%clk 0:02:03]} Nb6 {[%clk 0:53:00]} 22. Qb5 {[%clk 0:01:48]} Nbxc4
{[%clk 0:46:20]} 23. Rac1 {[%clk 0:02:10]} Nb6 {[%clk 0:35:45]} 24. a4
{[%clk 0:01:16]} f6 {[%clk 0:33:35]} 25. h4 {[%clk 0:00:46]} Nbd7
{[%clk 0:24:45]} 26. a5 {[%clk 0:00:39]} Red8 {[%clk 0:21:37]} 27. Rc3
{[%clk 0:00:39]} c4 {[%clk 0:18:33]} 28. Be3 {[%clk 0:01:04]} Rb8
{[%clk 0:16:22]} 29. Qa6 {[%clk 0:01:10]} Nc5 {[%clk 0:16:37]} 30. Rxd8+
{[%clk 0:00:39]} Rxd8 {[%clk 0:17:03]} 31. Bxc5 {[%clk 0:00:41]} Qxc5
{[%clk 0:17:32]} 32. Qxe6+ {[%clk 0:00:55]} Kg7 {[%clk 0:18:00]} 33. Rc1
{[%clk 0:00:40]} Rd2 {[%clk 0:17:47]} 0-1

[Event "Moscow Open F"]
[Site "?"]
[Date "2017.01.31"]
[Round "5.9"]
[White "Sizintsev, Alexey"]
[Black "Tekeyev, Zaur"]
[Result "0-1"]
[BlackElo "2357"]
[WhiteElo "2108"]
[LiveChessVersion "1.4.8"]

1. e4 {[%clk 1:25:51]} c5 {[%clk 1:30:56]} 2. Nf3 {[%clk 1:26:17]} Nc6
{[%clk 1:31:21]} 3. d4 {[%clk 1:26:43]} cxd4 {[%clk 1:31:47]} 4. Nxd4
{[%clk 1:27:09]} e5 {[%clk 1:31:19]} 5. Nb5 {[%clk 1:27:35]} d6 {[%clk 1:31:45]}
6. N1c3 {[%clk 1:28:00]} a6 {[%clk 1:32:10]} 7. Na3 {[%clk 1:28:26]} Be7
{[%clk 1:32:21]} 8. Nc4 {[%clk 1:25:33]} b5 {[%clk 1:32:45]} 9. Ne3
{[%clk 1:25:29]} Nf6 {[%clk 1:33:09]} 10. Ned5 {[%clk 1:24:42]} O-O
{[%clk 1:32:24]} 11. Nxf6+ {[%clk 1:24:22]} Bxf6 {[%clk 1:32:48]} 12. Nd5
{[%clk 1:21:30]} Bg5 {[%clk 1:28:18]} 13. Be2 {[%clk 1:16:20]} Bxc1
{[%clk 1:14:58]} 14. Rxc1 {[%clk 1:16:27]} Qg5 {[%clk 1:08:50]} 15. O-O
{[%clk 1:13:07]} Nd4 {[%clk 1:09:02]} 16. c3 {[%clk 1:08:43]} Qxc1
{[%clk 1:07:40]} 17. cxd4 {[%clk 1:06:46]} Qxb2 {[%clk 1:06:23]} 18. dxe5
{[%clk 1:05:11]} dxe5 {[%clk 1:03:46]} 19. Bg4 {[%clk 0:55:49]} Kh8
{[%clk 0:59:25]} 20. h4 {[%clk 0:52:20]} Qxa2 {[%clk 0:53:36]} 21. h5
{[%clk 0:46:36]} Qa4 {[%clk 0:51:53]} 22. Qf3 {[%clk 0:45:22]} Bxg4
{[%clk 0:52:12]} 23. Qxg4 {[%clk 0:45:47]} f5 {[%clk 0:52:37]} 24. Qg5
{[%clk 0:45:55]} Qxe4 {[%clk 0:52:13]} 25. h6 {[%clk 0:45:13]} gxh6
{[%clk 0:52:28]} 0-1

[Event "Moscow Open F"]
[Site "?"]
[Date "2017.01.31"]
[Round "5.10"]
[White "Matsenko, Andrei"]
[Black "Badalyan, Shavarsh"]
[Result "1/2-1/2"]
[BlackElo "2107"]
[WhiteElo "2356"]
[LiveChessVersion "1.4.8"]

1. Nf3 {[%clk 1:30:58]} Nf6 {[%clk 1:26:30]} 2. c4 {[%clk 1:31:22]} e6
{[%clk 1:26:28]} 3. Nc3 {[%clk 1:31:13]} Bb4 {[%clk 1:25:14]} 4. Qc2
{[%clk 1:29:32]} O-O {[%clk 1:20:53]} 5. a3 {[%clk 1:29:14]} Bxc3
{[%clk 1:17:07]} 6. Qxc3 {[%clk 1:29:40]} d5 {[%clk 1:17:07]} 7. e3
{[%clk 1:29:27]} Nbd7 {[%clk 1:12:10]} 8. Be2 {[%clk 1:27:08]} Re8
{[%clk 1:10:50]} 9. d4 {[%clk 1:26:59]} c5 {[%clk 1:10:16]} 10. O-O
{[%clk 1:26:56]} b6 {[%clk 1:09:05]} 11. dxc5 {[%clk 1:19:57]} Nxc5
{[%clk 1:08:17]} 12. b4 {[%clk 1:18:12]} Nce4 {[%clk 1:08:39]} 13. Qe5
{[%clk 1:18:04]} Bb7 {[%clk 1:01:17]} 14. Bb2 {[%clk 1:17:18]} dxc4
{[%clk 0:58:25]} 15. Bxc4 {[%clk 1:13:39]} Qe7 {[%clk 0:54:16]} 16. Rad1
{[%clk 1:04:53]} Red8 {[%clk 0:53:17]} 17. Nd4 {[%clk 1:02:50]} Rac8
{[%clk 0:50:44]} 18. Bb3 {[%clk 0:57:31]} Qc7 {[%clk 0:28:55]} 19. Qxc7
{[%clk 0:49:49]} Rxc7 {[%clk 0:29:23]} 20. f3 {[%clk 0:49:41]} Nd6
{[%clk 0:20:56]} 21. e4 {[%clk 0:47:30]} Ba6 {[%clk 0:16:28]} 22. Rc1
{[%clk 0:38:53]} Rdc8 {[%clk 0:13:45]} 23. Rxc7 {[%clk 0:39:23]} Rxc7
{[%clk 0:14:41]} 24. e5 {[%clk 0:38:43]} Nc4 {[%clk 0:13:48]} 25. Bxc4
{[%clk 0:37:20]} Bxc4 {[%clk 0:14:13]} 26. exf6 {[%clk 0:36:31]} Bxf1
{[%clk 0:14:28]} 27. Kxf1 {[%clk 0:36:56]} gxf6 {[%clk 0:14:22]} 28. Nb5
{[%clk 0:36:04]} Rc2 {[%clk 0:14:33]} 29. Bxf6 {[%clk 0:36:25]} a6
{[%clk 0:13:23]} 30. Nc3 {[%clk 0:36:38]} Kf8 {[%clk 0:11:42]} 31. b5
{[%clk 0:34:18]} axb5 {[%clk 0:11:17]} 32. Nxb5 {[%clk 0:34:43]} Rc1+
{[%clk 0:08:32]} 33. Kf2 {[%clk 0:35:00]} Rb1 {[%clk 0:08:58]} 34. Nd4
{[%clk 0:33:41]} Ke8 {[%clk 0:08:24]} 35. Nc2 {[%clk 0:32:44]} Kd7
{[%clk 0:08:00]} 36. Ke2 {[%clk 0:32:53]} Kd6 {[%clk 0:07:45]} 37. Bc3
{[%clk 0:31:34]} e5 {[%clk 0:02:27]} 38. Ne3 {[%clk 0:30:43]} f6 {[%clk 0:02:50]}
39. Bb4+ {[%clk 0:31:03]} Ke6 {[%clk 0:02:41]} 40. Nd1 {[%clk 0:29:59]} Ra1
{[%clk 0:02:14]} 41. Nc3 {[%clk 0:29:56]} Rg1 {[%clk 0:02:34]} 42. Kf2
{[%clk 0:30:19]} Rc1 {[%clk 0:02:48]} 43. Na4 {[%clk 0:30:28]} Rc6
{[%clk 0:01:23]} 44. Nc3 {[%clk 0:30:53]} Rc4 {[%clk 0:01:18]} 45. g4
{[%clk 0:30:35]} f5 {[%clk 0:01:04]} 46. gxf5+ {[%clk 0:30:10]} Kxf5
{[%clk 0:01:22]} 47. Nd5 {[%clk 0:30:33]} Rh4 {[%clk 0:01:10]} 48. Kg3
{[%clk 0:30:17]} Rh6 {[%clk 0:01:34]} 49. Ne3+ {[%clk 0:29:58]} Ke6
{[%clk 0:01:47]} 50. h4 {[%clk 0:29:53]} Rg6+ {[%clk 0:01:47]} 51. Kh3
{[%clk 0:29:40]} Rg7 {[%clk 0:01:16]} 52. h5 {[%clk 0:29:32]} Rf7
{[%clk 0:00:58]} 53. Kg3 {[%clk 0:29:19]} Rg7+ {[%clk 0:01:07]} 54. Kf2
{[%clk 0:29:13]} Rg5 {[%clk 0:01:24]} 55. h6 {[%clk 0:29:38]} Rg6
{[%clk 0:01:45]} 56. Bf8 {[%clk 0:29:42]} Rf6 {[%clk 0:01:02]} 57. Bg7
{[%clk 0:30:07]} Rf4 {[%clk 0:01:27]} 58. Ke2 {[%clk 0:29:02]} e4
{[%clk 0:01:16]} 59. fxe4 {[%clk 0:29:17]} Rxe4 {[%clk 0:01:42]} 60. Kd3
{[%clk 0:29:35]} Ra4 {[%clk 0:02:00]} 61. Nc2 {[%clk 0:30:01]} Kd5
{[%clk 0:00:48]} 62. Kc3 {[%clk 0:30:18]} b5 {[%clk 0:00:39]} 63. Kb3
{[%clk 0:30:29]} Rf4 {[%clk 0:00:40]} 64. Nd4 {[%clk 0:30:49]} Rf1
{[%clk 0:00:40]} 65. Nxb5 {[%clk 0:29:54]} Rb1+ {[%clk 0:01:04]} 66. Ka4
{[%clk 0:30:22]} Kc4 {[%clk 0:01:01]} 67. Nd6+ {[%clk 0:30:47]} Kd5
{[%clk 0:01:25]} 68. Nf7 {[%clk 0:30:38]} Rb7 {[%clk 0:01:09]} 69. Ng5
{[%clk 0:30:26]} Kc4 {[%clk 0:01:27]} 70. Ka5 {[%clk 0:30:27]} Rb5+
{[%clk 0:01:54]} 71. Ka6 {[%clk 0:30:53]} Rxg5 {[%clk 0:02:15]} 72. Kb6
{[%clk 0:30:54]} Kb3 {[%clk 0:02:11]} 73. Kc6 {[%clk 0:31:05]} 1/2-1/2

[Event "Moscow Open F"]
[Site "?"]
[Date "2017.01.31"]
[Round "5.11"]
[White "Kuzub, Pavel"]
[Black "Fotin, Vladimir"]
[Result "1/2-1/2"]
[BlackElo "2315"]
[WhiteElo "1964"]
[LiveChessVersion "1.4.8"]

1. Nf3 {[%clk 1:28:23]} Nf6 {[%clk 1:09:39]} 2. g3 {[%clk 1:28:44]} b5
{[%clk 1:08:33]} 3. Bg2 {[%clk 1:28:25]} Bb7 {[%clk 1:08:56]} 4. O-O
{[%clk 1:28:29]} e6 {[%clk 1:09:07]} 5. d3 {[%clk 1:23:54]} d5 {[%clk 1:08:10]}
6. Nbd2 {[%clk 1:24:15]} Be7 {[%clk 1:08:01]} 7. c4 {[%clk 1:23:06]} c5
{[%clk 1:07:27]} 8. cxb5 {[%clk 1:22:04]} O-O {[%clk 1:07:12]} 9. b3
{[%clk 1:21:02]} Qb6 {[%clk 1:07:30]} 10. Bb2 {[%clk 1:12:21]} Qxb5
{[%clk 1:06:48]} 11. d4 {[%clk 1:12:27]} Nbd7 {[%clk 1:06:48]} 12. dxc5
{[%clk 1:11:25]} Nxc5 {[%clk 1:07:06]} 13. Nd4 {[%clk 1:11:02]} Qb6
{[%clk 1:07:24]} 14. N2f3 {[%clk 1:11:30]} Rfc8 {[%clk 1:07:30]} 15. Ne5
{[%clk 1:02:47]} a5 {[%clk 1:03:44]} 16. Rb1 {[%clk 0:48:14]} Nfe4
{[%clk 1:01:57]} 17. Nd3 {[%clk 0:41:21]} Na6 {[%clk 0:57:37]} 18. e3
{[%clk 0:28:06]} Nc3 {[%clk 0:54:58]} 19. Bxc3 {[%clk 0:27:42]} Rxc3
{[%clk 0:55:21]} 20. Qd2 {[%clk 0:27:24]} Rcc8 {[%clk 0:54:53]} 21. Rfc1
{[%clk 0:25:25]} Ba3 {[%clk 0:53:47]} 22. Nb2 {[%clk 0:24:25]} Nb4
{[%clk 0:50:38]} 23. Rxc8+ {[%clk 0:23:32]} Rxc8 {[%clk 0:50:54]} 24. Na4
{[%clk 0:23:43]} Qc7 {[%clk 0:44:23]} 25. Nb5 {[%clk 0:14:26]} Qc2
{[%clk 0:44:36]} 26. Qxc2 {[%clk 0:14:56]} Nxc2 {[%clk 0:44:56]} 27. Bf1
{[%clk 0:14:34]} Be7 {[%clk 0:40:59]} 28. Na7 {[%clk 0:05:29]} Ra8
{[%clk 0:33:38]} 29. Rc1 {[%clk 0:05:17]} Rxa7 {[%clk 0:33:31]} 30. Rxc2
{[%clk 0:05:35]} Bd6 {[%clk 0:33:55]} 31. Nc3 {[%clk 0:05:30]} Be5
{[%clk 0:30:17]} 32. Nb5 {[%clk 0:05:33]} Ra6 {[%clk 0:30:05]} 33. Nd4 Ra8
{[%clk 0:24:23]} 34. Bb5 {[%clk 0:05:11]} Kf8 {[%clk 0:21:22]} 35. Kf1
{[%clk 0:05:23]} Rc8 {[%clk 0:19:48]} 36. Rxc8+ {[%clk 0:04:55]} Bxc8
{[%clk 0:20:13]} 37. Ke2 {[%clk 0:05:18]} Bc7 {[%clk 0:20:28]} 38. Kd3
{[%clk 0:03:34]} Ke7 {[%clk 0:19:28]} 39. Kc3 {[%clk 0:03:40]} e5
{[%clk 0:19:44]} 40. Nc2 {[%clk 0:03:22]} Kd6 {[%clk 0:19:16]} 41. a3
{[%clk 0:03:11]} Kc5 {[%clk 0:18:50]} 42. Bd3 {[%clk 0:02:57]} d4+
{[%clk 0:17:00]} 43. exd4+ {[%clk 0:02:37]} exd4+ {[%clk 0:17:22]} 44. Nxd4
{[%clk 0:03:00]} Be5 {[%clk 0:17:46]} 45. b4+ {[%clk 0:03:25]} 1/2-1/2